000 01167naa a22001935a 4500
008 241224e20241224xxk fo 000 0 eng d
041 0 _aeng
110 _aDepartment for Transport
_bDepartment for Transport
_94683
245 0 0 _aCross-pavement solutions for charging electric vehicles
260 _bDepartment for Transport - Office for Zero Emissions,
_c24 December 2024
520 _aThis guidance is designed to help local authorities in England to develop policies about the safe and effective use of cross-pavement solutions, which can provide residents with convenient charging options. It provides information on the areas, regulations and processes to consider when forming policy. The guidance includes case studies of local authorities that have successfully trialled installation
650 _aELECTRIC VEHICLES
650 _aPLANNING
650 _aVEHICLE CHARGING
651 4 _aEngland
690 _aPlanning and development
_96259
856 4 0 _uhttps://www.gov.uk/government/publications/cross-pavement-solutions-for-charging-electric-vehicles/cross-pavement-solutions-for-charging-electric-vehicles
_zAvailable on .gov.uk
942 _n0
_2ddc
999 _c122084
_d122084